Apuntes de mecánica fundamental sintética / (Record no. 94736)

MARC details
000 -LEADER
campo de control de longitud fija 00532nam a2200181 i 4500
001 - NÚMERO DE CONTROL
campo de control 94736
003 - IDENTIFICADOR DE NÚMERO DE CONTROL
campo de control ES-MaACL
005 - FECHA Y HORA DE LA ÚLTIMA TRANSACCIÓN
campo de control 20230906181538.0
007 - CAMPO FIJO DE DESCRIPCIÓN FÍSICA--INFORMACIÓN GENERAL
campo de control de longitud fija t|
008 - DATOS DE LONGITUD FIJA--INFORMACIÓN GENERAL
campo de control de longitud fija 050512s1901 sp ||||1| spa d
100 1# - ENTRADA PRINCIPAL--NOMBRE DE PERSONA
Nombre de persona Lubelza, Joaquín.
9 (RLIN) 74496
245 10 - MENCIÓN DEL TÍTULO
Título Apuntes de mecánica fundamental sintética /
Mención de responsabilidad, etc. Joaquín Lubelza.
260 ## - PUBLICACIÓN, DISTRIBUCIÓN, ETC.
Lugar de publicación, distribución, etc. Madrid :
Nombre del editor, distribuidor, etc. [s. n.],
Fecha de publicación, distribución, etc. 1901 (
Fabricante E. Teodoro)
500 ## - NOTA GENERAL
Nota general Publicado en la Revista Minera.
852 ## - LOCALIZACIÓN
Ubicación ES-MaACL
Número de control de estantería T-1003-F-3
852 ## - LOCALIZACIÓN
Ubicación ES-MaACL
Número de control de estantería T-1003-F-4
852 ## - LOCALIZACIÓN
Ubicación ES-MaACL
Número de control de estantería T-1018-F-4
Holdings
Estatus retirado Estado de pérdida Estado de daño No para préstamo Colección Biblioteca de origen Biblioteca actual Ubicación en estantería Fecha de adquisición Fuente de adquisición Total de préstamos Signatura topográfica completa Código de barras Visto por última vez Precio de reemplazo Tipo de ítem Koha
        Colección de folletos Biblioteca del Ateneo de Madrid Biblioteca del Ateneo de Madrid Depósito folletos 17/01/2008     T-1018-F-4 1098939 23/02/2023 23/02/2023 Folleto
        Colección de folletos Biblioteca del Ateneo de Madrid Biblioteca del Ateneo de Madrid Depósito folletos 17/01/2008     T-1003-F-3 1098937 23/02/2023 23/02/2023 Folleto
        Colección de folletos Biblioteca del Ateneo de Madrid Biblioteca del Ateneo de Madrid Depósito folletos 17/01/2008     T-1003-F-4 1098938 23/02/2023 23/02/2023 Folleto